000 00464ntaaa2200193 4500
003 01
005 20251027202034.0
008 0714s1973 ag 01
040 _aAR-BaBN
_bspa
_cAR-BaBN
_eaacr
_dRIC
082 _a251.0000 B63p
100 _aBohren, Rudolf
_919005
245 _aPreaching and community
250 _a1 ed.
260 _aRichmond, Va. :
_bJohn Knox Press,
_cc1965
300 _a238 p
650 _apredicación
650 _apastor
942 _cBK
999 _c15179
_d15179